Giải tích 12
Nội dung sách giới thiệu ứng dụng đạo hàm để khảo sát và vẽ đồ thị của hàm số, hàm số luỹ thừa, hàm số mũ và hàm số Lôgarit...
Bewaard in:
| Hoofdauteur: | |
|---|---|
| Formaat: | Boek |
| Taal: | Undetermined |
| Gepubliceerd in: |
Hà Nội
Giáo dục Việt Nam
2020
|
| Onderwerpen: | |
| Tags: |
Voeg label toe
Geen labels, Wees de eerste die dit record labelt!
|
| Thư viện lưu trữ: | Trung tâm Học liệu Trường Đại học Cần Thơ |
|---|
| LEADER | 00868nam a2200217Ia 4500 | ||
|---|---|---|---|
| 001 | CTU_236725 | ||
| 008 | 210402s9999 xx 000 0 und d | ||
| 020 | |c 10000 | ||
| 082 | |a 515.0712 | ||
| 082 | |b H108 | ||
| 100 | |a Trần, Văn Hạo | ||
| 245 | 0 | |a Giải tích 12 | |
| 245 | 0 | |c Trần Văn Hạo (Tổng chủ biên) | |
| 260 | |a Hà Nội | ||
| 260 | |b Giáo dục Việt Nam | ||
| 260 | |c 2020 | ||
| 520 | |a Nội dung sách giới thiệu ứng dụng đạo hàm để khảo sát và vẽ đồ thị của hàm số, hàm số luỹ thừa, hàm số mũ và hàm số Lôgarit... | ||
| 650 | |a Mathematical analysis,Phân tích toán học | ||
| 650 | |x Study and teaching (Secondary),Dạy và học (Trung học) | ||
| 904 | |i Hải | ||
| 980 | |a Trung tâm Học liệu Trường Đại học Cần Thơ | ||